000 00538nam a2200181Ia 4500
008 240729s9999 xx 000 0 und d
022 _a2588-4220
245 0 _aJournal of Physical Activity and Hormones
260 _aIran, Islamic Republic of
260 _bIslamic Azad University
650 _a Physiology
650 _a Recreation. Leisure
650 _a Sports | Science
650 _aGeography. Anthropology. Recreation
856 _uhttps://doaj.org/toc/ade7532fa0964c1b86a036156f0a3852
942 _2ddc
942 _cDOAJEJ
999 _c71109
_d71109
945 _a1
_bMadushi Gamage
_c1
_dMadushi Gamage